| Record ID | ia:lamemoiredugrand0000guen |
| Source | Internet Archive |
| Download MARC XML | https://archive.org/download/lamemoiredugrand0000guen/lamemoiredugrand0000guen_marc.xml |
| Download MARC binary | https://www.archive.org/download/lamemoiredugrand0000guen/lamemoiredugrand0000guen_meta.mrc |
LEADER: 01051cam a2200265 a 4500
001 96127515
003 DLC
005 19980721150021.8
008 960319s1995 fr a b 000 0bfre
010 $a 96127515 //r98
020 $a2221079418
040 $aDLC$cDLC$dDLC
043 $ae-fr---
050 00 $aPQ2611.O85$bZ675 1995
082 00 $a843/.912$aB$220
100 1 $aGuéno, Jean-Pierre.
245 13 $aLa mémoire du Grand Meaulnes /$cJean-Pierre Guéno et Alain Rivière.
260 $aParis :$bR. Laffont,$cc1995.
300 $a134, [8] p. :$bill. (some col.) ;$c25 cm.
500 $a"Collaboration entre Jean-Pierre Guéno qui en fut l'initiateur et le constructeur, et Alain Rivière qui lui a ouvert les archives de son oncle ainsi que celles de son père, Jacques Rivière"--P. [9].
504 $aIncludes bibliographical references (p. [139]).
600 20 $aAlain-Fournier,$d1886-1914.
650 0 $aNovelists, French$y20th century$xBiography.
600 20 $aAlain-Fournier,$d1886-1914.$tGrand Meaulnes.
700 1 $aRivière, Alain.